000 00554nam a2200241 a 4500
001 nice12345678
003 IN_TiNIC
005 20260116012247.0
008 050524s1967 lona grp 000 0 eng
020 _a
_c100
082 0 0 _a234
_bCUL
100 _aCullmann, Oscar
245 _aSalvation in History
260 _aLondon
_bScm Press
_c1967
300 _a352p
500 _aincludes index and biblioraphy
505 2 _aReference
650 _aSalvation
700 1 _aCullmann, Oscar
902 _bSRS
942 _cBK
999 _c6281
_d6281